01153 2200337 4500001002100000005001500021035002000036020002200056040002200078082001400100084001400114245011800128260004500246300003100291500006900322700003400391700002900425850001200454650001200466007000300478008004100481264004500522336002100567337002300588338003800611710002700649852002000676856007500696990002200771990002200793INLIS00000000086552420211025103515 a0010-1021000444 a978-602-03-0424-3 aYOPDYOGbinderda04223a641.5 a641.5 SER00aSeri teknik memasak :bmasakan serba tumis /cpenulis, Tim Ide Masak; penyunting, Intarina Hardiman, Yudho Asmoro31aJakarta :bGramedia Pustaka Utama,c2014 a1 berkas komputer (2,5 MB) aUntuk mengakses buku ini silakan unduh aplikasi http://ijogja.id0 aIntarina Hardimanepenyunting0 aYudho Asmoroepenyunting aYOPDYOG 4aMasakanta210705s2014 jkia gs ind d31aJakarta :bGramedia Pustaka Utama,c2014 2rdacontentateks 2rdamediaakomputer 2rdacarrierasumber sambung jaring2 aTim Ide Masakepenulis aaplikasi iJogja nPerpustakaan Digital iJogjauhttp://iJogja.id/publications/books/15165 a002883-EPD/B.2016 a002884-EPD/B.2016